[Event "Penang op 11th"]
[Site "Penang"]
[Date "2019.12.14"]
[Round "9"]
[White "Koay, Yu Zhe"]
[Black "Koelbl, Wolfgang"]
[Result "1/2-1/2"]
[WhiteElo "1589"]
[BlackElo "1846"]
[PlyCount "61"]
[EventDate "2019.12.09"]
[EventType "swiss"]
[EventRounds "9"]
[EventCountry "MAS"]
[SourceTitle "CBM 193 Extra"]
[Source "ChessBase"]
[SourceDate "2020.01.31"]
[SourceVersion "1"]
[SourceVersionDate "2020.01.31"]
[SourceQuality "1"]

1. d4 d5 2. c4 e6 3. Nf3 c6 4. Qc2 Bd6 5. g3 f5 6. Bg2 Nf6 7. 0-0 0-0 8. Bf4 Bxf4 9. gxf4 Ne4 10. e3 Kh8 11. Kh1 Nd7 12. Rg1 Ndf6 13. Ne5 dxc4 14. Nc3 Nd6 15. Bf3 Bd7 16. Rg3 Be8 17. Rag1 Rg8 18. Qe2 b5 19. Bxc6 Bxc6+ 20. Nxc6 Qc7 21. Ne5 b4 22. Nb1 c3 23. Qf3 a6 24. bxc3 bxc3 25. Rc1 Nde4 26. Rg6 Rab8 27. Kg2 Rb2 28. Nd3 Rxb1 29. Rxb1 Nd2 30. Qh3 Nxb1 31. Kf3 1/2-1/2